Online
Catalog

La alimentación en los trópicos / (Record no. 11384)

MARC details
000 -CABECERA
campo de control de longitud fija 00997cam a2200265 a 4500
001 - NÚMERO DE CONTROL
campo de control 000011706
005 - FECHA Y HORA DE LA ÚLTIMA TRANSACCIÓN
campo de control 20240506193024.0
008 - DATOS DE LONGITUD FIJA--INFORMACIÓN GENERAL
campo de control de longitud fija 750728s1946 mx 000 0 spa
040 ## - FUENTE DE LA CATALOGACIÓN
Centro catalogador/agencia de origen DO-SdBNP
Lengua de catalogación spa
Centro/agencia transcriptor NAlU
Centro/agencia modificador BNPHU
082 ## - NÚMERO DE LA CLASIFICACIÓN DECIMAL DEWEY
Número de clasificación 613.2
Número de documento/Ítem C355a
049 ## - FONDOS LOCALES (OCLC)
Fondos de biblioteca BNGR
100 1# - ENTRADA PRINCIPAL--NOMBRE DE PERSONA
Nombre de persona Castro, Josué de,
Fechas asociadas al nombre 1908-1973
9 (RLIN) 27742
245 13 - MENCIÓN DE TÍTULO
Título La alimentación en los trópicos /
Mención de responsabilidad, etc. Josué de Castro; traducción del original inédito por Alfonso Reyes Mota.
260 ## - PUBLICACIÓN, DISTRIBUCIÓN, ETC.
Lugar de publicación, distribución, etc. México :
Nombre del editor, distribuidor, etc. Fondo de cultura económica,
Fecha de publicación, distribución, etc. 1946.
300 ## - DESCRIPCIÓN FÍSICA
Extensión 204 p. :
Otras características físicas il., mapas ;
Dimensiones 22 cm.
490 1# - MENCIÓN DE SERIE
Mención de serie Tierra firme
Designación de volumen o secuencia 18
500 ## - NOTA GENERAL
Nota general Traducción del original inédito por el dr. Alfonso Reyes Mota.
504 ## - NOTA DE BIBLIOGRAFÍA, ETC.
Nota de bibliografía, etc. Incluye referencias bibliográficas (p. 197-201)
650 #4 - PUNTO DE ACCESO ADICIONAL DE MATERIA--TÉRMINO DE MATERIA
Término de materia o nombre geográfico como elemento de entrada Alimentación tropical
9 (RLIN) 27743
650 #4 - PUNTO DE ACCESO ADICIONAL DE MATERIA--TÉRMINO DE MATERIA
Término de materia o nombre geográfico como elemento de entrada Suministro de alimentos
9 (RLIN) 27744
650 #0 - PUNTO DE ACCESO ADICIONAL DE MATERIA--TÉRMINO DE MATERIA
Término de materia o nombre geográfico como elemento de entrada Nutrición
9 (RLIN) 12779
700 1# - PUNTO DE ACCESO ADICIONAL--NOMBRE DE PERSONA
Nombre de persona Reyes Mota, Alfonso,
Fechas asociadas al nombre 1889-1959
Término indicativo de función/relación tr.
9 (RLIN) 27745
830 #0 - PUNTO DE ACCESO ADICIONAL DE SERIE-TÍTULO UNIFORME
Título uniforme Tierra firme ;
Designación de volumen o secuencia 18
9 (RLIN) 3671
910 ## - DATOS DE OPCIÓN DEL USUARIO (OCLC)
Datos de opción del usuario Catalogación por copia / LC
Holdings
Estado de retiro Estado de pérdida Restricciones de uso No para préstamo Código de colección Localización permanente Ubicación/localización actual Ubicación en estantería Fecha de adquisición Número de inventario Total de préstamos Signatura topográfica completa Código de barras Fecha visto por última vez Precio válido a partir de Tipo de ítem Koha Número de copia
    Préstamo interno   Monografías: Libros y Folletos General General En catalogación 26.10.2009 LF1   613.2 C355a 11706-10 25.06.2020 25.06.2020 Préstamo interno  
    Préstamo restringido Préstamo restrigido Monografías: Libros y Folletos General General En catalogación 26.10.2009 LF1   613.2 C355a 11706-20 25.06.2020 25.06.2020 Préstamo interno e.2

Powered by Koha